| 000 | 00580nam a2200193 a 4500 | ||
|---|---|---|---|
| 005 | 20210219153413.0 | ||
| 008 | 991125n 000 0 eng u | ||
| 035 | _aUPN01000097124 | ||
| 222 | _aCHILD DEVELOPMENT | ||
| 245 | _aThe relations of children's dispositional prosocial behavior to emotionality, regulation, and social functioning | ||
| 300 | _a974-992 | ||
| 362 | _a1996 Vol. 67, no. 3, june | ||
| 653 | 0 | _aCONDUCTA SOCIAL | |
| 653 | 0 | _aNIÑO | |
| 653 | 0 | _aRESPUESTA EMOCIONAL | |
| 700 | _aEISENBERG, Nancy, coaut. | ||
| 904 |
_aAC _b034935 |
||
| 905 | _aArticulo | ||
| 999 |
_c76045 _d76045 |
||